Statistics for US State Welcome Signs

Click here to take the quiz!

General Stats

  • This quiz has been taken 24 times
  • The average score is 41 of 49

Answer Stats

Answer% Correct
South Carolina
100%
Alabama
95%
Arizona
95%
New Mexico
95%
Washington
95%
Wisconsin
95%
Alaska
91%
Florida
91%
Montana
91%
New York
91%
Oregon
91%
Utah
91%
Vermont
91%
Virginia
91%
West Virginia
91%
Wyoming
91%
Connecticut
86%
Delaware
86%
Georgia
86%
Illinois
86%
Kentucky
86%
Louisiana
86%
Maine
86%
Minnesota
86%
Nevada
86%
Ohio
86%
Pennsylvania
86%
South Dakota
86%
Tennessee
86%
California
82%
Colorado
82%
Indiana
82%
Michigan
82%
Mississippi
82%
New Hampshire
82%
North Carolina
82%
Arkansas
77%
Kansas
77%
Maryland
77%
Nebraska
77%
North Dakota
77%
Texas
77%
Idaho
73%
Iowa
73%
New Jersey
73%
Oklahoma
73%
Massachusetts
68%
Missouri
68%
Rhode Island
68%

Score Distribution

Percentile by Number Answered

Percent of People with Each Score

Your Score History

You have not taken this quiz